<?xml version="1.0" encoding="UTF-8"?>
<collection xmlns="http://www.loc.gov/MARC21/slim">
 <record>
  <leader>01363nam a22002177a 4500</leader>
  <controlfield tag="001">NCT_150838</controlfield>
  <controlfield tag="008">230603b        xxu||||| |||| 00| 0 vie d</controlfield>
  <datafield tag="999" ind1=" " ind2=" ">
   <subfield code="c">7796</subfield>
   <subfield code="d">7796</subfield>
  </datafield>
  <datafield tag="020" ind1=" " ind2=" ">
   <subfield code="a">9786049324246</subfield>
   <subfield code="c">28000</subfield>
  </datafield>
  <datafield tag="082" ind1="0" ind2="4">
   <subfield code="2">23rd ed.</subfield>
   <subfield code="a">338.4</subfield>
   <subfield code="b">S687</subfield>
  </datafield>
  <datafield tag="100" ind1="1" ind2=" ">
   <subfield code="a">Solis, Brian</subfield>
  </datafield>
  <datafield tag="245" ind1="1" ind2="0">
   <subfield code="a">Experience : </subfield>
   <subfield code="b">Xây dựng trải nghiệm trong thời đại khách hàng khó tính</subfield>
   <subfield code="c">Brian Solis; Nhật Mỹ, Trà My (dịch)</subfield>
  </datafield>
  <datafield tag="260" ind1=" " ind2=" ">
   <subfield code="a">H.</subfield>
   <subfield code="b">Lao động</subfield>
   <subfield code="c">2019</subfield>
  </datafield>
  <datafield tag="300" ind1=" " ind2=" ">
   <subfield code="a">271 tr.</subfield>
   <subfield code="b">minh họa</subfield>
   <subfield code="c">21cm</subfield>
  </datafield>
  <datafield tag="520" ind1="3" ind2=" ">
   <subfield code="a">Nội dung sách thúc đẩy bạn đọc xem xét lại mô hình kinh doanh, sản phẩm và dịch vụ, tiếp thị hình thành nên mối quan hệ hình thành nên giữa khách hàng và thương hiệu trong thời đại mới. Chia sẻ lý do vì sao sản phẩm tốt, marketing sáng tạo và dịch vụ khách hàng thú vị đến thế nào cũng không còn đủ để doanh nghiệp giành được khách hàng</subfield>
  </datafield>
  <datafield tag="653" ind1=" " ind2=" ">
   <subfield code="a">Quản trị kinh doanh</subfield>
  </datafield>
  <datafield tag="700" ind1="0" ind2=" ">
   <subfield code="a">Nhật Mỹ</subfield>
   <subfield code="e">Dịch</subfield>
  </datafield>
  <datafield tag="700" ind1="0" ind2=" ">
   <subfield code="a">Trà My </subfield>
   <subfield code="e">Dịch</subfield>
  </datafield>
  <datafield tag="942" ind1=" " ind2=" ">
   <subfield code="2">ddc</subfield>
   <subfield code="c">BK</subfield>
  </datafield>
  <datafield tag="952" ind1=" " ind2=" ">
   <subfield code="0">0</subfield>
   <subfield code="1">0</subfield>
   <subfield code="2">ddc</subfield>
   <subfield code="4">0</subfield>
   <subfield code="6">338_400000000000000_S687</subfield>
   <subfield code="7">0</subfield>
   <subfield code="9">27785</subfield>
   <subfield code="a">000001</subfield>
   <subfield code="b">000001</subfield>
   <subfield code="d">2023-06-03</subfield>
   <subfield code="o">338.4 S687</subfield>
   <subfield code="p">MD.21867</subfield>
   <subfield code="r">2023-06-03</subfield>
   <subfield code="v">280000.00</subfield>
   <subfield code="w">2023-06-03</subfield>
   <subfield code="y">BK</subfield>
  </datafield>
  <datafield tag="980" ind1=" " ind2=" ">
   <subfield code="a">Thư viện Trường Đại học Nam Cần Thơ</subfield>
  </datafield>
 </record>
</collection>
